000 00418nam a2200157 4500
001 139662
003 ES-MaACL
005 20230906195852.0
007 t|
008 070214s1926 fr r ||||1| fre d
100 1 _aSchiaffino, Eduardo.
_9104327
245 1 0 _aRecodos en el sendero /
_cEduardo Schiaffino.
260 _aParis :
_bExcelsior,
_c1926.
300 _a330 p. ;
_c20 x 18 cm.
852 _aES-MaACL
_jF-3172
999 _c139662
_d139662